[Map of Shropshire] (Record no. 116828)

MARC details
000 -LEADER
fixed length control field 00701cem a22001935a 4500
001 - CONTROL NUMBER
control field L140312
008 - FIXED-LENGTH DATA ELEMENTS--GENERAL INFORMATION
fixed length control field 070917s1808 xxk a 0 eng u
035 ## - SYSTEM CONTROL NUMBER
System control number (Sirsi) u140312
041 0# - LANGUAGE CODE
Language code of text/sound track or separate title eng
100 1# - MAIN ENTRY--PERSONAL NAME
Personal name Baugh, Robert
245 00 - TITLE STATEMENT
Title [Map of Shropshire]
Medium [cartographic material]
255 ## - CARTOGRAPHIC MATHEMATICAL DATA
Statement of scale Scale 1:63360
260 ## - PUBLICATION, DISTRIBUTION, ETC.
Place of publication, distribution, etc. Llanymynech
Name of publisher, distributor, etc. Robert Baugh
Date of publication, distribution, etc. 1808
300 ## - PHYSICAL DESCRIPTION
Extent 1 map on nine sheets
Dimensions 47 x 47 cm.
500 ## - GENERAL NOTE
General note Map is dedicated 'To the Right Honorable Edward Earl of Powis, Lord Lieutenant and Custos Rotulorum of the Counties of Salop and Montgomery'.
651 4# - SUBJECT ADDED ENTRY--GEOGRAPHIC NAME
Geographic name Shropshire
690 ## - LOCAL SUBJECT ADDED ENTRY--TOPICAL TERM (OCLC, RLIN)
Topical term or geographic name as entry element ENVIRONMENTAL AND LAND CONSULTANCY-GEOMATICS-MAPPING AND POSITIONING-CARTOGRAPHY
942 ## - ADDED ENTRY ELEMENTS (KOHA)
Suppress in OPAC 0
Holdings
Withdrawn status Lost status Source of classification or shelving scheme Damaged status Not for loan Home library Current library Shelving location Date acquired Total Checkouts Full call number Barcode Date last seen Copy number Price effective from Koha item type
    Dewey Decimal Classification     Historic collection Historic collection Historic collection 17/09/2007   MAP CABINET DRAWER 9 140312-2001 06/08/2019 1 06/08/2019 Archive